The Breaking Jewel : (Record no. 597478)

MARC details
000 -LEADER
fixed length control field 00494nam a2200193 a 4500
008 - FIXED-LENGTH DATA ELEMENTS--GENERAL INFORMATION
fixed length control field 251113s2003##################000#0#eng##
020 ## - INTERNATIONAL STANDARD BOOK NUMBER
ISBN 9780231126137
082 04 - DEWEY DECIMAL CLASSIFICATION NUMBER
Classification number 895.635KEE
100 1# - MAIN ENTRY--AUTHOR NAME
Personal name Oda, Makoto,
245 10 - TITLE STATEMENT
Title The Breaking Jewel :
260 ## - PUBLICATION, DISTRIBUTION, ETC. (IMPRINT)
Name of publisher Columbia University Press,
Year of publication 2003.
300 ## - PHYSICAL DESCRIPTION
Number of Pages 140 pages
650 #0 - SUBJECT ADDED ENTRY--TOPICAL TERM
Topical Term Education.
942 ## - ADDED ENTRY ELEMENTS (KOHA)
Koha item type English Books
Holdings
Withdrawn status Lost status Damaged status Not for loan Home library Current library Date acquired Full call number Accession Number Price effective from Koha item type
        Anna Centenary Library Anna Centenary Library 14.11.2025 895.635KEE 164841 14.11.2025 English Books

Find us on the map